El nuevo régimen de blanqueo (Registro nro. 13837)

Detalles MARC
000 -LEADER
fixed length control field 00351 a2200121 4500
001 - CONTROL NUMBER
control field ART_40768
005 - DATE AND TIME OF LATEST TRANSACTION
control field 20260410161646.0
008 - FIXED-LENGTH DATA ELEMENTS--GENERAL INFORMATION
fixed length control field 260409a
100 1# - MAIN ENTRY--PERSONAL NAME
Personal name Moreno, Carolina
245 10 - TITLE STATEMENT
Title El nuevo régimen de blanqueo
700 1# - ADDED ENTRY--PERSONAL NAME
Personal name Mazzaroni, Diego H.
773 0# - HOST ITEM ENTRY
Title Consultor tributario
Related parts - Año 10, Nº 117 (nov. 2016)
Record control number REV474

No hay ítems disponibles.